| 000 | 00785nam a2200229 a 4500 | ||
|---|---|---|---|
| 005 | 20231108063641.0 | ||
| 008 | 991125s1983 mx 000 0 spa u | ||
| 020 | _a96881141X | ||
| 035 | _aUPN01000014150 | ||
| 049 | _aSEP | ||
| 050 | 4 | _aLB1028.3 P7.3 | |
| 100 | 1 |
_aPrieto Castillo, Daniel, _d1942- _929583 |
|
| 245 | 1 | 0 |
_aDesarrollo de la tecnología educativa en México / _cDaniel Prieto Castillo ; colab. de Patricia Ojeda Enciso y Susana Suárez Paniagua |
| 260 |
_aMéxico : _bILCE$bSEP, _c1983 |
||
| 300 | _a21 p | ||
| 440 | 0 |
_aProspectiva tecnológica al año 2000; _vsubprograma ; 3 |
|
| 650 | 4 |
_aTecnología educativa _94978 |
|
| 700 | 1 |
_aOjeda Enciso, Patricia Elena, _ecolab. |
|
| 700 | 1 |
_aSuárez Paniagua, Susana, _ecolab. |
|
| 904 |
_aAC _b014151 |
||
| 905 | _aLibro | ||
| 999 |
_c14150 _d14150 |
||